Statistics for Barcelona's districts and boroughs

Click here to take the quiz!

General Stats

  • This quiz has been taken 145 times
  • The average score is 29 of 83

Answer Stats

HintAnswer% Correct
Districte 6Gràcia
86%
Districte 2Eixample
84%
Ciutat VellaBarceloneta
81%
Districte 3Sants-Montjuïc
81%
Sants-MontjuïcSants
77%
Districte 5Sarrià-Sant Gervasi
72%
Sarrià-Sant GervasiSarrià
72%
Districte 4 | Les CortsLes Corts
67%
Ciutat VellaRaval
67%
Districte 7Horta-Guinardó
65%
Sant MartíPoblenou
65%
Horta-GuinardóHorta
65%
Districte 9Sant Andreu
60%
Districte 10Sant Martí
60%
Ciutat VellaGòtic
58%
Sant AndreuSant Andreu de Palomar
58%
Districte 1Ciutat Vella
53%
Horta-GuinardóGuinardó
51%
Sant MartíEl Clot
49%
Les CortsPedralbes
49%
Sant MartíVila Olímpica del Poblenou
49%
Districte 8Nou Barris
49%
EixampleDreta de l'Eixample
47%
Sants-MontjuïcPoble-sec
44%
Sarrià-Sant GervasiVallvidrera, el Tibidabo i les Planes
42%
Horta-GuinardóEl Carmel
42%
Nou BarrisTrinitat Nova
42%
Horta-GuinardóVall d'Hebron
40%
Sants-MontjuïcMarina de Port
40%
Sants-MontjuïcSants-Badal
40%
Sant AndreuTrinitat Vella
40%
EixampleSagrada Família
40%
EixampleSant Antoni
37%
Sants-MontjuïcHostafrancs
37%
Nou BarrisCiutat Meridiana
35%
Sant AndreuSagrera
35%
Sant MartíDiagonal Mar i el Front Marítim del Poblenou
35%
GràciaEl Coll
35%
GràciaVallcarca i els Penitents
33%
Sant MartíEl Besòs i el Maresme
30%
Sarrià-Sant GervasiTres Torres
30%
Sarrià-Sant GervasiSant Gervasi - La Bonanova
30%
Nou BarrisLa Guineueta
28%
Ciutat VellaSant Pere, Santa Caterina i la Ribera
28%
EixampleNova Esquerra de l'Eixample
28%
Sarrià-Sant GervasiEl Putget i Farró
28%
GràciaVila de Gràcia
28%
Sant MartíLa Verneda i la Pau
26%
EixampleAntiga Esquerra de l'Eixample
26%
Horta-GuinardóLa Teixonera
23%
Nou BarrisTorre Baró
21%
Horta-GuinardóMontbau
21%
Sant MartíCamp de l'Arpa del Clot
21%
EixampleFort Pienc
21%
Sant MartíProvençals del Poblenou
19%
GràciaCamp d'en Grassot i Gràcia Nova
19%
Sants-MontjuïcMarina del Prat Vermell
19%
Sant AndreuBon Pastor
19%
Nou BarrisTuró de la Peira
19%
Sant MartíEl Parc i la Llacuna del Poblenou
19%
Horta-GuinardóBaix Guinardó
16%
Les CortsMaternitat i Sant Ramon
16%
Sarrià-Sant GervasiSant Gervasi - Galvany
16%
GràciaLa Salut
16%
Sants-MontjuïcFont de la Guatlla
14%
Horta-GuinardóLa Clota
14%
Sant MartíSant Martí de Provençals
14%
Sant AndreuNavas
14%
Horta-GuinardóCan Baró
14%
Nou BarrisCanyelles
14%
Horta-GuinardóFont d'en Fargues
14%
Sants-MontjuïcLa Bordeta
12%
Nou BarrisRoquetes
12%
Sant AndreuCongrés i els Indians
12%
Sant AndreuBaró de Viver
12%
Nou BarrisVerdum
12%
Horta-GuinardóSant Genís dels Agudells
9%
Nou BarrisVallbona
9%
Nou BarrisPorta
9%
Nou BarrisLa Prosperitat
9%
Nou BarrisVilapicina i la Torre Llobeta
7%
Nou BarrisCan Peguera
7%

Score Distribution

Percentile by Number Answered

Percent of People with Each Score

Your Score History

You have not taken this quiz